¿Quién era Cristóbal Colón? / (Registro nro. 12355)

Detalles MARC
000 -LIDER
fixed length control field 00719cam a2200265 i 4500
001 - NÚMERO DE CONTROL
Identificador de número de control 0000898
003 - IDENTIFICACDOR DE NÚMERO DE CONTROL
control field DO-SdBNP
005 - DATE AND TIME OF LATEST TRANSACTION
control field 20180216101811.0
007 - CAMPOS FIJOS DE DESCRIPCIÓN FÍSICA
fixed length control field 0000898
008 - ELEMENTOS DE LONGITUD FIJA
fixed length control field 100514s 2006 sp a | |||| 000 f spa
015 ## - NÚMERO DENTRO DE LA BIBLIOGRAFÍA NACIONAL
National bibliography number
017 ## - NÚMERO DE REGISTRO DE DERECHOS DE AUTOR
Copyright or legal deposit number
Assigning agency
020 ## - ISBN
International Standard Book Number 8423680495
035 ## - NÚMERO LOCAL
System control number
040 ## - FUENTE DE CATALOGACIÓN
Agencia que crea de manera original el registro BPMSU
Idioma de catalogación spa
Agencia que realiza la transcripción BPMSU
Convenciones de la despripción
080 ## - NÚMERO DE CLASIFICACIÓN DECIMAL UNIVERSAL
Universal Decimal Classification number
100 1# - ASIENTO PRINCIPAL -- NOMBRE PERSONAL
Nombre personal Plaza, José María
245 10 - MENCIÓN DE TITULO
Título ¿Quién era Cristóbal Colón? /
Medio (Designación general de material)
Mención de responsabilidad José María Plaza ; ilustración Natascha S. Rosenberg
260 ## - PUBLICACIÓN, DISTRIBUCIÓN, ETC. (PIE DE IMPRENTA)
Lugar de publicación, distribución, etc Barcelona, España :
Nombre del editor, distribuidor, etc. Edebé,
Fecha de publicación, distribución, etc 2006.
300 ## - DESCRIPCIÓN FÍSICA
Extensión 48 p.:
Otros detalles físicos il.
Dimensiones 31 cm.
700 12 - ASIENTO SECUNDARIO -- NOMBRE PERSONAL
Nombre personal Rosenberg, Natascha S.
Mención de responsabilidad il.
942 ## - ADDED ENTRY ELEMENTS (KOHA)
Source of classification or shelving scheme Dewey Decimal Classification
Koha item type Libros
945 ## - INFORMACIÓN DE PROCESAMIENTO LOCAL
Información de procesamiento local inventariado, 2018 / dg
956 ## - LOCAL ELECTRONIC LOCATION AND ACCESS (OCLC)
Nombre de host YLOCKWARD
Campo enlazado y núm. de secuencia 10
Información de compresión BPMSU
Existencias
Withdrawn status Lost status Source of classification or shelving scheme Damaged status Not for loan Collection code Home library Current library Date acquired Source of acquisition Total Checkouts Barcode Date last seen Price effective from Koha item type
    Dewey Decimal Classification     Colección Infantil General Biblioteca Pública Metropolitana Salomé Ureña Biblioteca Pública Metropolitana Salomé Ureña 12/07/2016 Sin sellar   BPMSU16120212 12/07/2016 12/07/2016 Libros